000
00315nam a2200133Ia 4500
008
230818s9999 xx 000 0 und d
041
_a
eng
100
_a
vaz
245
_a
Strategic management (
260
_b
manan prakashan
300
_a
330p
520
_a
General
999
_c
853075
_d
853075
650
_a
Hospitality Strategic Management